Odgadnij Youtubera - "od tyłu" - Statystyki

Ogólne statystyki
  • Ten quiz został rozwiązany 844 razy
    40 od ostatniego zresetowania
  • Średni wynik to 18 z 20
Statystyki odpowiedzi
Od tyłu Normalnie % Poprawnych
rempig Gimper
97%
ycangi agelok Kolega Ignacy
97%
zsuigizer ReZigiusz
97%
ledxob Boxdel
94%
oizdnam Mandzio
94%
kaicuran Naruciak
94%
jecęiwjeinm Mniej Więcej
91%
kytyrkytyrkein Niekryty Krytyk
91%
vtawahceimś ŚmiechawaTV
91%
ypvdz ZDvpy
91%
nairamrebyc Cyber Marian
88%
maertssid Disstream
88%
evilkazi IzakLIVE
88%
liwzsurk drol Lord Kruszwil
88%
robmas Sambor
88%
vtejuhcartsba AbstrachujeTV
85%
atsyzremak Kamerzysta
85%
ycagetarts alegok Kolega Strategacy
85%
zcawikuzsop Poszukiwacz
85%
llaxobnueht TheUnboxall
85%
Nie znaleziono quizów pasujących do podanych kryteriów
Rozkład punktacji
Procent ludzi z każdym wynikiem
Percentyl według liczby udzielonych odpowiedzi
Twoja historia wyników
Nie rozwiązałeś tego quizu od ostatniego zresetowania